<?xml version="1.0" encoding="UTF-8"?>
<record
    xmlns:xsi="http://www.w3.org/2001/XMLSchema-instance"
    xsi:schemaLocation="http://www.loc.gov/MARC21/slim http://www.loc.gov/standards/marcxml/schema/MARC21slim.xsd"
    xmlns="http://www.loc.gov/MARC21/slim">

  <leader>04462nab a2200289 i 4500</leader>
  <controlfield tag="003">BR-BrBNA</controlfield>
  <controlfield tag="005">20250204102026.0</controlfield>
  <controlfield tag="008">250204b2016    bl.|r|pooa||| 00| 0 por |</controlfield>
  <datafield tag="040" ind1=" " ind2=" ">
    <subfield code="a">BR-BrBNA</subfield>
    <subfield code="b">por</subfield>
  </datafield>
  <datafield tag="072" ind1=" " ind2=" ">
    <subfield code="a">L40</subfield>
    <subfield code="b">5400</subfield>
  </datafield>
  <datafield tag="072" ind1=" " ind2=" ">
    <subfield code="a">L70</subfield>
  </datafield>
  <datafield tag="100" ind1=" " ind2=" ">
    <subfield code="a">Campos, L.S. </subfield>
  </datafield>
  <datafield tag="100" ind1=" " ind2=" ">
    <subfield code="a">Tafuri, W.L. </subfield>
  </datafield>
  <datafield tag="100" ind1=" " ind2=" ">
    <subfield code="a">Pinto, A.J.W. </subfield>
  </datafield>
  <datafield tag="245" ind1=" " ind2=" ">
    <subfield code="a">Avalia&#xE7;&#xE3;o de diferentes fixadores na preserva&#xE7;&#xE3;o das caracter&#xED;sticas histol&#xF3;gicas de pele de orelha de c&#xE3;es </subfield>
  </datafield>
  <datafield tag="500" ind1=" " ind2=" ">
    <subfield code="a">
Publica&#xE7;&#xE3;o online; 20 ref.; 3 illus.; Summaries (En, Pt)</subfield>
  </datafield>
  <datafield tag="520" ind1=" " ind2=" ">
    <subfield code="a">


RESUMO - Os fixadores biol&#xF3;gicos desempenham um papel importante na qualidade final da histologia. Na rotina veterin&#xE1;ria, a bi&#xF3;psia de pele &#xE9; um procedimento comum e a escolha do fixador &#xE9; primordial para resultado final adequado. Os fixadores mais usados s&#xE3;o &#xE0; base de formalina, ainda que sejam t&#xF3;xicos, cancer&#xED;genos, de baixa penetra&#xE7;&#xE3;o e de fixa&#xE7;&#xE3;o lenta. Mesmo assim, n&#xE3;o existe um fixador ideal que substitua as suas qualidades. O objetivo deste trabalho foi avaliar qualitativamente a preserva&#xE7;&#xE3;o das caracter&#xED;sticas histol&#xF3;gicas de pele de c&#xE3;o utilizando diferentes fixadores de tecidos inclu&#xED;dos em parafina, cortados e corados pela hematoxilina-eosina. Utilizou-se uma caneta Punch de 4 mil&#xED;metros para coletar amostras de pele de orelha em seis cad&#xE1;veres de c&#xE3;es. Ap&#xF3;s coleta, os tecidos foram fixados em: (1) Bouin, durante seis horas; (2) Carnoy, durante quatro horas; (3) formalde&#xED;do tamponado 10% durante 24 horas, todos sob refrigera&#xE7;&#xE3;o (4&#xBA;C). Posteriormente, os tecidos foram processados, cortados e corados em hematoxilina e eosina. As l&#xE2;minas foram avaliadas, &#xE0;s cegas, por quatro patologistas diferentes, que consideraram aspectos qualitativos a seguir: (1) qualidade da colora&#xE7;&#xE3;o; (2) preserva&#xE7;&#xE3;o das caracter&#xED;sticas histol&#xF3;gicas; e (3) preserva&#xE7;&#xE3;o dos limites citoplasm&#xE1;ticos utilizando a escala de LIKERT de pontua&#xE7;&#xE3;o para cada l&#xE2;mina. O fixador com a maior m&#xE9;dia de pontua&#xE7;&#xE3;o em todos os itens foi o formol tamponado com 3,76 pontos, seguido pelo Bouin (3,39) e pelo Carnoy (2,52). O formol pode trazer riscos &#xE0; sa&#xFA;de do profissional que rotineiramente o manuseia, portanto se faz necess&#xE1;ria a busca por fixadores com as mesmas qualidades, mas menos nocivos &#xE0; sa&#xFA;de.


Palavras-chave: c&#xE3;o, formol , Bouin, Carnoy, histologia </subfield>
  </datafield>
  <datafield tag="520" ind1=" " ind2=" ">
    <subfield code="a">


ABSTRACT - The biological fixatives have an important role in the final histology quality. In veterinary, routine skin biopsy is a common procedure and the choice of fixative is essential for the final result. The most common fixative is Formalin, even though it is toxic, carcinogenic, and has low and slow penetration. Still, there isn't a fixer which can replace the qualities of formalin. The aim of this study was to evaluate qualitatively the preservation of the histological features of dog skin using different tissue fixative embedded in paraffin, sectioned and stained with hematoxylin - eosin. We used a 4 mm punch pen to collect ear skin samples in six dog cadavers. After collection, the tissues were fixed in: (1) Bouin for 6 hours; (2) Carnoy for 4 hours; (3) 10% buffered formaldehyde for 24 hours, all under refrigeration (4 &#xB0; C). The tissues were then processed, sectioned and stained with hematoxylin and eosin. The slides were evaluated blindly by four different pathologists who considered the qualitative aspects below: (1) quality of coloring; (2) preservation of the histological characteristics; (3) preservation of cytoplasmic boundaries using a Likert scale score for each blade. The fixative with the highest mean score on all items was buffered formalin with 3.76 points followed by Bouin (3.39) and Carnoy (2.52). Formaldehyde can bring health a risk of professional routine handling, so it is necessary to search for a biological fixative with the same qualities being less harmful to health.


Keywords: dog, formaline, Bouin, Carnoy, histology</subfield>
  </datafield>
  <datafield tag="650" ind1=" " ind2=" ">
    <subfield code="a">C&#xC3;O</subfield>
  </datafield>
  <datafield tag="650" ind1=" " ind2=" ">
    <subfield code="a">HISTOLOGIA</subfield>
  </datafield>
  <datafield tag="650" ind1=" " ind2=" ">
    <subfield code="a">FORMOL</subfield>
  </datafield>
  <datafield tag="650" ind1=" " ind2=" ">
    <subfield code="a">VETERIN&#xC1;RIA</subfield>
  </datafield>
  <datafield tag="773" ind1="0" ind2=" ">
    <subfield code="0">1643</subfield>
    <subfield code="9">348181</subfield>
    <subfield code="d">Belo Horizonte-MG Universidade Federal de Minas Gerais - Escola de Veterinaria 1983</subfield>
    <subfield code="o">2025-0670</subfield>
    <subfield code="t">Arquivo Brasileiro de Medicina Veterin&#xE1;ria e Zootecnia (Brazil)</subfield>
    <subfield code="x">0102-0935</subfield>
    <subfield code="g">v. 68(5) p. 1212-1218; (2016)</subfield>
    <subfield code="w">BR2024004658</subfield>
  </datafield>
  <datafield tag="856" ind1=" " ind2=" ">
    <subfield code="u">https://www.scielo.br/j/abmvz/a/JWVn9PzNHPZrdpxcvwsNsfD/?format=pdf&amp;lang=pt</subfield>
  </datafield>
  <datafield tag="942" ind1=" " ind2=" ">
    <subfield code="c">ANA</subfield>
  </datafield>
  <datafield tag="999" ind1=" " ind2=" ">
    <subfield code="c">329813</subfield>
    <subfield code="d">329813</subfield>
  </datafield>
</record>
